| 000 | 00000nam##2200000za#4500 |
| 001 | 9.675006 |
| 003 | CaOODSP |
| 005 | 20210624225041 |
| 007 | cr ||||||||||| |
| 008 | 150407|2005||||xxc|||||o f|0| 0 iku|d |
| 040 | |aCaOODSP|bfre |
| 041 | 7|aiku |
| 041 | 7|aiku |
| 041 | |aeng |
| 041 | |afre |
| 043 | |an-cn--- |
| 086 | 1 |aR2-371/2005-PDF |
| 110 | 1 |aCanada.|bAffaires indiennes et du Nord. |bBureau régional du Nunavut. |
| 245 | 13|aLa terre - il faut l'utiliser intelligement : |h[ressource électronique]|blivre d'activités et à colorier |
| 260 | |aIqaluit - Nunavut : |bAffaires indiennes et du Nord. |c[2005]. |
| 300 | |a22p.|bill. |
| 500 | |aLe n° de catalogue (R2-371/2005) et l’ISBN (0-662-68679-9) de l'édition imprimée ont été incorrectement copiés dans la version PDF. |
| 520 | 3 |aCe livre d’activités et livre à colorier raconte l’histoire de deux enfants qui accompagnent leur grand-père qui participe au processus d’examen environnemental entrepris lorsqu’une entreprise étudie la possibilité d’ouvrir une mine près de son camp d’été. |
| 546 | |aTexte en anglais, français, inuktitut and inuinaqtuin. |
| 590 | |a10-10-Supp|b2010-11-09 |
| 691 | 07|aÉvaluation environnementale|2gcpds |
| 691 | 07|aProtection de l'environnement|2gcpds |
| 776 | 0#|tThe land - ours to use wisely : |w(CaOODSP)9.666125 |
| 791 | |tThe land - ours to use wisely : |eeng|w(CaOODSP)9.675005 |
| 856 | 40|ahttp://publications.gc.ca|qPDF|s1408 Ko|uhttps://publications.gc.ca/collections/collection_2009/ainc-inac/R2-371-2005.pdf |
| 986 | |aQS-8628-010-HI-AEF-A1 |